000 00433nam a2200169Ia 4500
008 220531s9999 xx 000 0 und d
041 _amar
100 _aदेवगावकर श. गो.
_952206
245 _aराजकीय विचारवंत
250 _a1ST
260 _bSainath
_c2005
300 _a289
542 _d10-09-2008
650 _aSociology
_952207
906 _d2008-2009
999 _c30322
_d30322